000 00565nam a2200181 i 4500
001 140005
003 ES-MaACL
005 20251003152042.0
007 t|
008 070214s1921 fr r ||||1| fre d
100 1 _aSchrader, Franz (
_d1844-1924)
_9154257
245 1 0 _aAtlas classique de Géographie ancienne et moderne /
_cFrançois Schrader, L. Gallouédec.
260 _aParis :
_bLahure,
_c1921.
300 _aVIII lám ;
_c33 cm +
_e96 map.
700 1 _aGallouédec, Louis,
_d1864-1937
_9154265
852 _aES-MaACL
_jB-2149
999 _c140005
_d140005